000 00940nam a22002057a 4500
003 OSt
005 20251002182024.0
008 240403b ||||| |||| 00| 0 eng d
040 _c0
082 _aDPer 621.317 Ie21 October 2022 v. 37 n. 10
100 _aBendicks, Andreas.
_eauthor.
_955983
245 _aActive cancellation of periodic CM EMI at the input of a motor inverter by injecting synthesized and synchronized signals (S³ -AEF) /
_cAndreas Bendicks, Michael Gerten, and Stephan Frei.
260 _aNew York ;
_bThe Institute of Electrical and Electronics Engineers, Inc. ,
_cOctober 2022.
300 _aVolume 37, pages 11951-11961 :
_billustration ;
_c28 cm.
500 _aIEEE Transactions on Power Electronics, v. 37, n. 10, pages 11951-11961, October 2022.
700 _aBendicks, Andreas.
_eauthor.
_955983
700 _aGerten, Michael.
_eauthor.
_955984
700 _aFrei, Stephan.
_eauthor.
_955985
942 _2ddc
_cPER
999 _c19997
_d19997